[Event "Kishinev Ghimpu Memorial op"]
[Site "Kishinev"]
[Date "2012.11.12"]
[Round "6"]
[White "Popa, Gheorghe"]
[Black "Vinogradsky, Artiom"]
[Result "1-0"]
[WhiteElo "1541"]
[BlackElo "1562"]
[PlyCount "135"]
[EventDate "2012.11.09"]
[EventType "swiss"]
[EventRounds "9"]
[EventCountry "MDA"]
[SourceTitle "EXT 2014"]
[Source "ChessBase"]
[SourceDate "2013.11.20"]
[SourceVersion "1"]
[SourceVersionDate "2013.11.20"]
[SourceQuality "1"]

1. c4 c6 2. d4 d5 3. e3 Nf6 4. Nf3 e6 5. Be2 Nbd7 6. 0-0 dxc4 7. Bxc4 b5 8. Be2 a6 9. Bd2 Bb7 10. a3 Rc8 11. b4 Bd6 12. Bd3 0-0 13. e4 e5 14. Bc3 exd4 15. Bxd4 Qe7 16. Re1 Ne5 17. Nxe5 Bxe5 18. Bc5 Qd7 19. Ra2 Rfd8 20. Rd2 Qc7 21. g3 Rb8 22. Qc2 Qc8 23. f4 Bd4+ 24. Bxd4 Rxd4 25. e5 c5 26. exf6 Qc6 27. Bxh7+ Kh8 28. fxg7+ Kxg7 29. Rg2 Rbd8 30. Bf5 Rd2 31. Qe4 Qxe4 32. Bxe4 Rxg2+ 33. Bxg2 Bxg2 34. Kxg2 cxb4 35. axb4 Rd4 36. Nc3 Rxb4 37. Ra1 Rb2+ 38. Kh3 Rc2 39. Nd5 Rc6 40. Nb4 Rc4 41. Nxa6 Ra4 42. Rxa4 bxa4 43. Nb4 a3 44. Kg4 Kg6 45. f5+ Kh6 46. Kf4 Kh5 47. g4+ Kh4 48. g5 Kh5 49. h4 f6 50. gxf6 Kh6 51. Ke5 Kh7 52. f7 a2 53. Nxa2 Kg7 54. Ke6 Kf8 55. Ke5 Kg7 56. f8Q+ Kxf8 57. Kf6 Kg8 58. Ke7 Kg7 59. f6+ Kg8 60. f7+ Kh7 61. Kf6 Kh6 62. f8Q+ Kh5 63. Kf5 Kxh4 64. Kf4 Kh3 65. Kf3 Kh4 66. Qg7 Kh5 67. Kf4 Kh4 68. Qg4# 1-0